Norms and Standards for Management of Human Resources in Public Service (Record no. 4142)
[ view plain ]
| 000 -LEADER | |
|---|---|
| fixed length control field | 00331nam a22001097a 4500 |
| 003 - CONTROL NUMBER IDENTIFIER | |
| control field | OSt |
| 005 - DATE AND TIME OF LATEST TRANSACTION | |
| control field | 20260209164441.0 |
| 008 - FIXED-LENGTH DATA ELEMENTS--GENERAL INFORMATION | |
| fixed length control field | 260209b |||||||| |||| 00| 0 eng d |
| 040 ## - CATALOGING SOURCE | |
| Transcribing agency | Ministry of Public Service youth and Gender Affairs |
| 245 ## - TITLE STATEMENT | |
| Title | Norms and Standards for Management of Human Resources in Public Service |
| 942 ## - ADDED ENTRY ELEMENTS (KOHA) | |
| Source of classification or shelving scheme | Dewey Decimal Classification |
| Koha item type | Books |
| Withdrawn status | Lost status | Source of classification or shelving scheme | Damaged status | Not for loan | Home library | Current library | Date acquired | Total Checkouts | Date last seen | Price effective from | Koha item type |
|---|---|---|---|---|---|---|---|---|---|---|---|
| Dewey Decimal Classification | Bunge Tower Library | Bunge Tower Library | 02/09/2026 | 02/09/2026 | 02/09/2026 | Books | |||||
| Dewey Decimal Classification | Bunge Tower Library | Bunge Tower Library | 02/09/2026 | 02/09/2026 | 02/09/2026 | Books |
